000 00459cam a22001455a 4500
001 J100999
008 000000s1933 xxk 000 0 eng u
035 _a(Sirsi) u100999
110 _aAuctioneers' and Estate Agents' Institute of the United Kingdom
_93789
245 _aArticles of association, standing orders, constitution of committees. December 1933.
260 _c1933
651 4 _aUnited Kingdom
_y
690 _aBusiness and management
942 _n0
999 _c99974
_d99974